| 000 | 01012nac a22003251u 4500 | ||
|---|---|---|---|
| 999 |
_c13096 _d13096 |
||
| 003 | EG-ScBUE | ||
| 005 | 20210103224716.0 | ||
| 008 | 100105t20082007enk f 000 1 eng d | ||
| 020 | _a9780007285181 | ||
| 035 | _a(CStRLIN)DCLN07-B1328 | ||
| 040 |
_aEG-ScBUE _beng _erda _cEG-ScBUE _dEG-ScBUE |
||
| 043 | _af-ua--- | ||
| 082 | 0 | 4 |
_a813.0962 _bASW _222 |
| 100 | 1 |
_aAswānī, ʻAlāʼ, _d1957- _eauthor. _910205 |
|
| 245 | 1 | 0 |
_aChicago / _cAlaa al-Aswany. |
| 264 | 1 |
_aLondon : _bFourth Estate, _c[2007] |
|
| 264 | 4 | _bc2007 | |
| 300 |
_a342 pages ; _c20 cm |
||
| 336 |
_2rdacontent _atext _btxt |
||
| 337 |
_2rdamedia _aunmediated _bn |
||
| 338 |
_2rdacarrier _avolume _bnc |
||
| 500 | _aAuthor of the bestselling novel the Yacoubian Building. | ||
| 500 | _aOriginally published in Arabic in 2007. | ||
| 520 | _aNovel. | ||
| 650 | 7 |
_aArabic fiction _zEgypt. _2BUEsh _910207 |
|
| 653 |
_bARALIT _cDecember2020 |
||
| 655 |
_vReading book _934232 |
||
| 942 |
_cBB _k813.0962 ASW _2ddc |
||